昨日的叛逆

資料類型: Book 圖書   書目號:35564

Leader xxxxxxxxxx
001 __ PCLIS00035564
005 __ 20220223085417.0
010 0_ |a986-133-088-7|b精裝|dNT$299
100 __ |a20051007d2005    m  y0chiy09      e
101 0_ |achi
102 __ |atw
105 __ |aag  z   000cy
200 1_ |a昨日的叛逆|dFarewell yesterday|f光禹作
205 __ |a典藏版
210 __ |a臺北市|c圓神出版|c叩應總經銷|d2005[民94]
215 0_ |a288面|c圖, 摺頁樂譜|d22公分|e1 CD
225 1_ |a光禹系列精裝典藏版|v006
225 1_ |a光禹系列|v6
300 __ |a本館館藏典藏版序號為第09741號
510 _1 |aFarewell yesterday|zeng
681 __ |a855|b865
681 __ |a855|b8650 88
700 _0 |a光禹|4801 _0 |atw|b內湖高中|c20051007|gCCR
詳細館藏(共 1 筆)
索 書 號登 錄 號冊次號館別 / 館藏地流通類型狀態加入預約清單電子資源
855 / 865 1015059  圖書館 / 一樓普通區 可外借30天 在館   

| 條列資料




目錄查詢 分類查詢 個人資料 圖書薦購 新書查詢 閉館日 排行榜 更多電子資源 Hami書城 線上資料庫 登出

From : 216.73.216.116

  本日流通累計至 19:03:42 借閱 : 9 次 續借 : 0 次 歸還 : 10 次 預約 : 0 次 電子資源 : 0 次


內湖高中圖書館  PCLIS 版本  25.5.0.2